[Event "Nijmegen m"]
[Site "Nijmegen"]
[Date "1993.??.??"]
[Round "7"]
[White "Kortschnoj, Viktor Lvovich"]
[Black "Piket, Jeroen"]
[Result "1-0"]
[WhiteElo "2605"]
[BlackElo "2590"]
[Annotator "Ftacnik,L"]
[PlyCount "99"]
[EventDate "1993.05.??"]
[EventType "match"]
[EventRounds "8"]
[EventCountry "NED"]
[SourceTitle "CBM 036"]
[Source "ChessBase"]
[SourceDate "1993.10.01"]
[SourceVersion "1"]
[SourceVersionDate "1993.10.01"]
[SourceQuality "1"]

1. d4 Nf6 2. c4 g6 3. Nc3 Bg7 4. e4 d6 5. Nge2 O-O 6. f3 Nbd7 7. Bg5 a6 8. Nc1
c6 9. a4 a5 10. Nb3 e5 11. d5 Qb6 12. Ra3 h6 13. Bh4 Re8 (13... Nh5 14. Be7 $1)
14. Bf2 c5 15. g3 Qd8 16. Bd3 b6 17. Nd2 Nf8 18. Nf1 Ra7 19. Ne3 Nh5 20. Kd2 f6
21. Ra1 Rf7 22. Nf5 $5 Nh7 (22... gxf5 23. exf5 (23. f4 $2 fxe4 24. Bxe4 f5 $19
) 23... Bh8 24. Be3 $44) 23. Nh4 f5 24. Kc2 Nf8 25. exf5 gxf5 26. f4 Nf6 27.
Bxf5 exf4 28. g4 Bxf5+ 29. Nxf5 Ng6 30. Kb3 f3 31. Bg3 Nxg4 (31... Bf8 32. Bxd6
Bxd6 33. Nxh6+ Kg7 34. Nxf7 Kxf7 35. g5 Nd7 36. Qxf3+ Kg7 37. h4 $16) 32. Nxd6
Re3 33. Nxf7 Qf6 34. Qd2 (34. Nd6 $2 Rxc3+ $1 35. Ka2 Ra3+ $19) 34... Kxf7 35.
d6 Qg5 36. h4 $1 Rxc3+ 37. Qxc3 Qf5 38. Qc2 Qe6 39. Rhf1 N6e5 40. Qe4 Bf6 41.
Rad1 b5 42. Bxe5 bxa4+ 43. Ka2 Nxe5 44. d7 Nxd7 45. Qh7+ Ke8 46. Qxd7+ Qxd7 47.
Rxd7 Kxd7 48. h5 Ke6 49. Rxf3 Ke5 50. Ka3 1-0

[Event "Interzonal-16"]
[Site "Biel"]
[Date "1993.??.??"]
[Round "4"]
[White "Dreev, Alexey"]
[Black "Smirin, Ilia"]
[Result "1-0"]
[WhiteElo "2570"]
[BlackElo "2640"]
[Annotator "Ftacnik,L"]
[PlyCount "77"]
[EventDate "1993.07.16"]
[EventType "swiss"]
[EventRounds "13"]
[EventCountry "SUI"]
[SourceTitle "CBM 037"]
[Source "ChessBase"]
[SourceDate "1993.12.01"]
[SourceVersion "1"]
[SourceVersionDate "1993.12.01"]
[SourceQuality "1"]

1. d4 Nf6 2. c4 g6 3. Nc3 Bg7 4. e4 d6 5. f3 O-O 6. Bg5 a6 7. Qd2 Nc6 8. Nge2
Rb8 9. d5 Ne5 10. Nd4 $1 $16 c5 (10... Bd7 $2 11. f4 $18) 11. Nc2 b5 $5 (11...
e6 12. f4) (11... Bd7 12. f4) (11... Ne8) 12. cxb5 axb5 13. Bxb5 Rxb5 (13...
Qa5 14. a4 $16) 14. Nxb5 Nc4 15. Qe2 $1 Qa5+ 16. Kf2 Nxb2 (16... Qxb5 17. b3
Ba6 18. bxc4 Qa4 19. Ne3 h6 20. Bh4 g5 21. Bg3 Nh5 22. h4 $1) 17. a4 $1 (17.
Rab1 $2 Na4 $13) 17... e6 (17... c4 18. Bd2 $18) 18. Bd2 Qa6 19. Rhb1 Nh5 20.
Ra2 $1 (20. g4 $6 f5 $1 $13) 20... Nxa4 21. Qc4 Nb6 22. Qb3 c4 23. Rxa6 cxb3
24. Rxb6 bxc2 25. Rc1 $18 exd5 26. exd5 Be5 (26... h6 27. Be3 Nf6 28. Rxd6 Bf5
29. Nd4) 27. Rxc2 Bf5 28. Ra2 Nf6 29. Bh6 Re8 30. Rd2 Rd8 31. Bg5 Kg7 32. g4
Bd7 33. Nxd6 Ra8 34. Nc4 Bc3 35. Rd3 Ra2+ 36. Bd2 Ba1 37. Rb1 Ba4 38. g5 Bc2
39. Rxa1 $1 1-0

[Event "FIDE-Wch"]
[Site "NED/INA"]
[Date "1993.??.??"]
[Round "16"]
[White "Karpov, Anatoly"]
[Black "Timman, Jan H"]
[Result "1-0"]
[WhiteElo "2760"]
[BlackElo "2620"]
[Annotator "Ftacnik,L"]
[PlyCount "117"]
[EventDate "1993.09.??"]
[EventType "match"]
[EventRounds "21"]
[EventCountry "NED"]
[SourceTitle "CBM 036"]
[Source "ChessBase"]
[SourceDate "1993.10.01"]
[SourceVersion "1"]
[SourceVersionDate "1993.10.01"]
[SourceQuality "1"]

1. d4 Nf6 2. c4 g6 3. Nc3 Bg7 4. e4 d6 5. f3 O-O 6. Be3 Nbd7 7. Qd2 c5 8. Nh3
$5 (8. d5 Ne5 {Karpov,An-Nunn,J/Wijk aan Zee/1993/}) 8... Qa5 9. Nf2 a6 10.
dxc5 Nxc5 $6 (10... dxc5 $1 {/\ Nb8-c6}) 11. Rb1 $1 Qb4 12. Be2 Ncd7 13. O-O
Re8 (13... Ne5 14. b3 $14) 14. Rfc1 Rb8 15. Nd3 Qa5 (15... Qxc4 $2 16. Nd5 Qxa2
17. Nc7 Rd8 18. Ra1 Qb3 19. Ra3 $18) 16. b4 Qd8 17. c5 $16 Nf8 (17... dxc5 18.
bxc5 $16) 18. b5 $1 axb5 (18... dxc5 19. bxa6 c4 20. Nc5 $16) 19. cxd6 exd6 20.
Nf4 Be6 21. Nxb5 d5 22. e5 N6d7 23. Nd6 Nxe5 24. Nxe8 Qxe8 25. Bb5 (25. Nxe6
Qxe6 26. Rb6 $16) 25... Qe7 26. Nxe6 (26. Nxd5 $6 Nxf3+ $1 27. gxf3 Bxd5 $132)
26... Qxe6 27. Bd4 Qf5 28. f4 Nd3 29. Bxd3 (29. Qxd3 Qxd3 30. Bxd3 Bxd4+ 31.
Kf1 Ne6 $132) 29... Bxd4+ 30. Kh1 Qf6 31. f5 Be5 32. Rf1 Qd6 (32... Qh4 33. g3
Bxg3 34. Rb4 $16) 33. Qb4 Bxh2 34. Qxd6 Bxd6 35. Rb5 b6 36. Rxd5 Bc5 37. Bc4 {
xf7} Rb7 38. g4 Re7 39. Rd8 Rc7 40. Bb3 Kg7 41. f6+ $1 Kg8 (41... Kh6 42. Rd5
g5 {/\ Ng6}) 42. g5 h6 43. gxh6 Kh7 44. Kg2 Kxh6 45. Rd5 $2 (45. Rd3 $1 Rc6 (
45... g5 46. Rh3+ Kg6 47. Bc2#) (45... Kh7 46. Rh1+ Kg8 47. Rdh3) 46. Rh3+ Kg5
47. Rg3+ Kh4 48. Rh1#) 45... Kh7 46. Rh1+ Kg8 47. Rd8 Rc6 48. Rf1 Bb4 49. Rf4
Ba3 50. Re8 Bd6 51. Rg4 $1 {/\ Rg6+} Kh7 52. Bxf7 Rc2+ 53. Kf3 Kh6 54. Re1 Rh2
55. Rd1 Bc5 (55... Be5 56. Rd8 Bxf6 57. Rxf8 Kg7 58. Rxg6+ Kxf8 59. Rxf6 $18)
56. Kg3 Rh5 57. Kg2 Ba3 58. Rd3 Bc5 59. Rdg3 1-0

[Event "FIDE-Wch"]
[Site "NED/INA"]
[Date "1993.??.??"]
[Round "18"]
[White "Karpov, Anatoly"]
[Black "Timman, Jan H"]
[Result "1/2-1/2"]
[WhiteElo "2760"]
[BlackElo "2620"]
[Annotator "Ftacnik,L"]
[PlyCount "76"]
[EventDate "1993.09.??"]
[EventType "match"]
[EventRounds "21"]
[EventCountry "NED"]
[SourceTitle "CBM 036"]
[Source "ChessBase"]
[SourceDate "1993.10.01"]
[SourceVersion "1"]
[SourceVersionDate "1993.10.01"]
[SourceQuality "1"]

1. d4 Nf6 2. c4 g6 3. Nc3 Bg7 4. e4 d6 5. f3 O-O 6. Be3 Nbd7 7. Qd2 c5 8. dxc5
dxc5 9. O-O-O Qa5 (9... a6 10. Nge2 $5 Qc7 (10... Qa5 11. Kb1 b5 12. Nd5 Nxd5
13. cxd5 Qc7 14. Bh6 a5 15. h4 Nb6 16. Bxg7 Kxg7 17. h5 Rh8 18. hxg6 hxg6 19.
Rxh8 Kxh8 20. Qh6+ Kg8 21. Nf4 c4 22. Be2 Qe5 23. Nxg6 fxg6 24. Qxg6+ {Van der
Sterren,P-De Jong,T/Wijk-B (08)/1990/1-0 (25)}) 11. Kb1 $6 (11. Nf4 e6 12. h4
Ne5 13. Qd6 Qxd6 14. Rxd6 Bd7 15. Be2 b5 16. g4 Rfc8 17. Rhd1 Bf8 18. R6d2 b4
19. Nb1 Be8 20. g5 Nfd7 21. Nh3 Nb6 22. b3 a5 23. Nf2 a4 24. f4 $13 {Vakhidov,
T-Lanka,Z/Luzern WchT/1993/1-0 (62)}) 11... Ne5 12. Nf4 e6 13. Qd6 Qxd6 14.
Rxd6 Re8 $8 {/\ Bf8=} 15. Bxc5 Bf8 16. Be2 Bd7 $1 17. Rhd1 Rac8 18. Ba3 Nxc4
19. Bxc4 Rxc4 20. R6d3 Bxa3 {Vyzmanavin,A-Nunn,J/Debrecen/1992/0.5 (21)}) 10.
Kb1 Ne5 (10... e6 11. Nge2 Ne5 (11... a6 12. Nc1 Qc7 13. Be2 b6 14. f4 Rd8 15.
e5 Ne8 16. Bf3 Bb7 17. Qe2 f6 18. exf6 Nexf6 19. Bxb7 Qxb7 20. Rhe1 Re8 21. g4
Rab8 22. g5 Nh5 23. Qd3 Nf8 24. N1e2 $13 {Ward,C-Akesson,R/London Lloyds/1988/
0-1 (54)}) 12. Nc1 b6 13. f4 Nc6 14. Be2 Nd4 15. Nb3 Nxb3 16. axb3 e5 17. h3
Be6 18. g4 exf4 19. Bxf4 b5 20. Nxb5 Qxd2 21. Bxd2 Nxe4 22. Be3 Ng3 23. Bf3
Nxh1 24. Bxa8 $14 {Lodhi,M-Watson,W/London Lloyds (2)/1987/1-0 (55)}) 11. Be2 (
11. Nd5 Nxd5 $5 12. Qxa5 Nxe3 $13) 11... Nc6 12. Nd5 Qxd2 13. Rxd2 b6 14. Nxf6+
Bxf6 15. f4 Bd4 $1 (15... Bb7 16. e5 Bg7 17. Nf3 Rad8 18. Rhd1 $14) 16. Bxd4
Nxd4 17. Nf3 Nxe2 $6 (17... Ne6 18. g3 Bb7 19. Bd3 Rad8 20. Re1 $15) 18. Rxe2
Bb7 19. Rd1 Rad8 20. Kc2 f6 (20... Rxd1 21. Kxd1 Rd8+ 22. Kc2 f6 23. Kc3 $10)
21. Rd3 Bc6 22. Kc3 Rxd3+ 23. Kxd3 Rd8+ 24. Ke3 Kg7 (24... h5 25. h3 Kg7 26. g4
hxg4 27. hxg4 Rh8 28. Rh2 $10) 25. g4 Rd1 26. Re1 Rxe1+ 27. Nxe1 Bd7 28. g5 e5
29. h4 exf4+ 30. Kxf4 h6 31. Nd3 hxg5+ (31... fxg5+ $6 32. hxg5 h5 33. Ke5 $16)
32. hxg5 Kf7 33. Nf2 Be6 (33... fxg5+ 34. Kxg5 Ke6 35. Kf4 $10) 34. b3 Bc8 35.
gxf6 Kxf6 36. e5+ Ke7 37. Ne4 Bf5 38. Nc3 Ke6 1/2-1/2

[Event "Groningen PCA"]
[Site "Groningen"]
[Date "1993.??.??"]
[Round "11"]
[White "Vyzmanavin, Alexey"]
[Black "Polgar, Judit"]
[Result "0-1"]
[WhiteElo "2605"]
[BlackElo "2630"]
[Annotator "Belov,I"]
[PlyCount "100"]
[EventDate "1993.12.??"]
[EventType "swiss"]
[EventRounds "11"]
[EventCountry "NED"]
[SourceTitle "CBM 039"]
[Source "ChessBase"]
[SourceDate "1994.04.01"]
[SourceVersion "1"]
[SourceVersionDate "1994.04.01"]
[SourceQuality "1"]

1. d4 {Knaak} Nf6 2. c4 g6 3. Nc3 Bg7 4. e4 d6 5. f3 O-O 6. Be3 c5 7. Nge2 Nc6
8. d5 Ne5 9. Ng3 h5 (9... e6) (9... a6 $6 10. f4 Neg4 11. Bd2 e5 12. dxe6 fxe6
13. h3 Nh6 14. Be3 $16 {Dlugy,M-Polgar,Zs/Manhattan/1985/1:0 (41)/}) 10. Be2 h4
{?! Shirov} (10... e6 11. Bg5 Qb6 $6 (11... exd5 $5 12. cxd5 Qb6 $13) 12. Qb3
$1 Qc7 13. f4 $1 Nh7 14. Bh4 $16 {Christiansen,L-Shirov,A/Biel/1991/0,5 (41)/})
11. Nf1 e6 12. Nd2 exd5 13. cxd5 a6 (13... Nh7 14. f4 Nd7 15. O-O Re8 16. h3 f5
17. Bf2 fxe4 18. Ndxe4 Nb6 19. Bd3 Rf8 20. Be3 Bf5 $10 {Razuvaev,Y-Khalifman,A/
BRD/1992/0,5 (24)/}) 14. a4 Bd7 (14... Rb8 15. O-O Bd7 16. Bg5 c4 17. Bxh4 b5
18. axb5 axb5 19. b4 $14 {Bischoff,K-Meyer,P/Biel/1992/1:0 (56)/}) 15. O-O (15.
Bg5 {Knaak} b5 $1 (15... Qb6 16. Bxf6 (16. Rb1) 16... Bxf6 17. f4 Qxb2) 16. f4
Neg4 17. Bxg4 Bxg4 18. Bxf6 Qd7 $1 19. Bxg7 Bxd1 20. Bxf8 Bxa4 21. Nxa4 bxa4
22. Bh6 f6 $1 $17) (15. h3 {Knaak} Nh5 16. f4 Ng3 17. Rg1 Bh6 $36) 15... b5 16.
axb5 (16. h3 $5 {Knaak} c4 17. Qe1 Rc8 $1 (17... Nh5 18. axb5 Ng3 19. bxa6 Nxf1
20. Qxf1 $16) 18. Qxh4 b4 19. Nd1 $44) 16... axb5 17. Rxa8 Qxa8 18. h3 $6 $146
(18. Bxb5 Bxb5 19. Nxb5 Qa6 20. Nc3 Rb8 $44 {Psakhis,L-Piket,M/Amsterdam/1990/
1:0 (41) Inf 50/85/}) 18... c4 $1 (18... b4 19. f4 bxc3 20. bxc3 Nh7 21. fxe5
Bxe5 22. Nc4 $14) 19. Qe1 (19. f4 Nd3 20. Bxd3 cxd3 21. b4 (21. Qb1 b4 22. Nd1
Qa6 23. Nf2 Bb5) 21... Qa3 22. Ndb1 Qxb4 23. Qxd3 Nh5 $15) 19... b4 20. Nd1 Qa2
$1 21. Qxh4 (21. Bd4 Nh5 22. Bxe5 (22. Qxh4 c3 23. f4 cxd2 24. Bxh5 Nf3+ 25.
Bxf3 Bxd4+ 26. Kh2 Bb5 $17) 22... Bxe5 23. Bxc4 (23. Nxc4 Bd4+ 24. Kh2 Ng3)
23... Qa7+ 24. Kh1 Ng3+ $19) 21... Ba4 22. f4 (22. Bd4 c3) 22... Nd3 23. Bxd3
cxd3 24. Bd4 Bxd1 25. Rxd1 (25. Bxf6 Be2 26. Re1 Qa7+ 27. Kh2 Bxf6 28. Qxf6 Qf2
29. Rg1 Qe3 $19) 25... Nh5 26. Bxg7 (26. Qf2 Nxf4 $1 27. Bxg7 Ne2+ $17) 26...
Kxg7 27. Qf2 (27. b3 Qc2 28. Qe1 Nxf4 $19) 27... Qxb2 $17 28. Qe3 Qc2 29. Rf1
Ra8 30. f5 $1 Ra2 31. Rf2 Ra1+ 32. Kh2 Qc3 $1 33. g3 Nf6 (33... b3 $2 34. Nxb3
Qxb3 35. Qd4+) 34. fxg6 fxg6 35. Kg2 Qe5 (35... b3 $2 36. Nxb3 Qxb3 37. Qd4)
36. Qf4 Qe7 (36... Qxf4 $2 37. gxf4 Ra3 38. Kf3 b3 39. Ke3 $16) 37. Qf3 Qe5 38.
Kh2 $2 (38. Qxd3 $2 {Knaak} Ra3 39. Nb3 Nxe4 40. Re2 Qxg3+ 41. Qxg3 Nxg3 {game}
) (38. Qf4 {Knaak} Qxf4 $5 (38... Ra2 39. Qxe5 dxe5 $13 40. Kf3 Nd7 41. Nb3 Rc2
42. Ke3 Rc3 43. Rb2 d2+ 44. Ke2 $1 $10) 39. gxf4 Nd7 40. Kf3 (40. Nc4 Nc5 41.
Nxd6 b3 42. Kf3 Ra2 43. Rf1 Rh2 $17) 40... Nc5 41. e5 dxe5 42. fxe5 Re1 $1 43.
e6 Re5 $19) 38... Ra2 $1 39. Qxd3 {? Knaak} (39. Qf4 Qxf4 40. gxf4 b3 41. Kg2
b2 42. Nb1 Nxe4 $19) (39. Kg2 {Knaak} Rc2 40. Qe3 b3 41. Qa7+ (41. Nxb3 Rxf2+
42. Qxf2 Nxe4 43. Qa7+ Kf6 44. Qe3 Qxd5 $19) 41... Kh6 42. Qe3+ (42. Qf7 b2 $1
$19) 42... g5 $17) 39... Ra3 40. Nb3 $8 Nxe4 41. Re2 (41. Rg2 {Knaak} Nc5 $19)
41... Qxg3+ $1 42. Qxg3 Nxg3 43. Kxg3 (43. Rb2 Nh5 44. Nd4 Nf4 45. Rxb4 Rxh3+
46. Kg1 Rd3 $19) 43... Rxb3+ 44. Kg4 Rb1 $19 45. Re7+ Kh6 $1 46. Kg3 (46. Re6
b3 47. Rxd6 Rb2) 46... b3 47. Kg2 Kg5 48. Rb7 Kf5 49. Rb4 Ke5 50. Rb5 Kd4 0-1

[Event "Horgen CS"]
[Site "Horgen"]
[Date "1994.??.??"]
[Round "2"]
[White "Lutz, Christopher"]
[Black "Kasparov, Garry"]
[Result "0-1"]
[WhiteElo "2580"]
[BlackElo "2805"]
[Annotator "Ftacnik,L"]
[PlyCount "94"]
[EventDate "1994.09.??"]
[EventType "tourn"]
[EventRounds "11"]
[EventCountry "SUI"]
[EventCategory "16"]
[SourceTitle "CBM 043"]
[Source "ChessBase"]
[SourceDate "1994.12.01"]
[SourceVersion "1"]
[SourceVersionDate "1994.12.01"]
[SourceQuality "1"]

1. d4 Nf6 2. c4 g6 3. Nc3 Bg7 4. e4 d6 5. f3 O-O 6. Bg5 a6 7. Qd2 Nbd7 8. Nh3
c5 9. d5 b5 $5 10. cxb5 (10. Nf2) 10... axb5 11. Bxb5 Ba6 12. O-O Qa5 13. a4 (
13. Bxa6 Qxa6 14. Bh6 Rfb8 15. Bxg7 Kxg7 $13) 13... Rfb8 14. Ra3 Nb6 15. Qe2
Nfd7 $1 16. Bd2 (16. Bxe7 Bxc3 17. Rxc3 (17. bxc3 $2 Bxb5) 17... Nxa4) (16.
Bxa6 Qxa6 17. Qxa6 (17. Bxe7 $4 Bxc3 18. Qxa6 Bd4+ 19. Kh1 Rxa6 $19) 17... Rxa6
18. Rb3 (18. Bxe7 Nc4 19. Ra2 Bxc3 20. bxc3 f6 21. f4 Re8 $19) 18... Bd4+ 19.
Kh1 f6 20. Bf4 Nxa4 $15) 16... Bxb5 17. Nxb5 Qa6 18. b3 Nc8 19. Bc1 (19. Nc3 $2
Bxc3 20. Qxa6 Bd4+ $19) 19... Na7 20. Nc3 Qb6 21. Nb1 $8 (21. Bd2 c4+ 22. Be3
Bd4) (21. Nd1 c4+ 22. Be3 Qb4) 21... Ne5 $5 (21... c4+ 22. Be3 Bd4 23. bxc4)
22. Nf2 Nc8 23. f4 Nd7 24. Nd2 Qa6 25. Qxa6 Rxa6 26. Nd3 f5 $1 27. e5 Ncb6 $1 (
27... dxe5 28. fxe5 Nxe5 29. Nxe5 Bxe5 $15) 28. Nc4 Nxc4 (28... Nxd5 $17) 29.
bxc4 Rba8 30. Bb2 Nb6 31. Rc1 Nxa4 32. Rb3 Nxb2 33. Rxb2 (33. Nxb2 dxe5) 33...
Ra3 34. Rd2 Rb3 35. Kf1 Raa3 36. Ke2 (36. Rcd1 Rc3) 36... dxe5 37. Nxe5 (37.
fxe5 Bh6 38. Nxc5 Re3+ 39. Kf2 Rxe5 $19) (37. Nxc5 $5 $17) 37... Bxe5 38. fxe5
Re3+ 39. Kf2 Rxe5 40. Re2 (40. d6 exd6 41. Rxd6 Ra2+ 42. Kf3 Ree2 $19) (40. Rb1
Re4 41. d6 exd6 42. Rxd6 Ra7 $17) 40... Rxe2+ 41. Kxe2 Kf7 42. Kf2 Rd3 43. Ra1
(43. Ke2 Rd4 44. Ke3 e6 45. dxe6+ Kxe6 $19) 43... Rc3 44. Ra7 Rxc4 45. d6 Rf4+
46. Kg3 Re4 47. Rc7 Ke6 $1 (47... Ke6 $1 48. dxe7 (48. Rxe7+ Kxd6 49. Rxh7 c4
$19) (48. d7 Rd4 49. Rxc5 Rxd7 $19) 48... Kd6 49. e8=Q Rxe8 50. Rxh7 c4 $19)
0-1

[Event "Horgen CS"]
[Site "Horgen"]
[Date "1994.??.??"]
[Round "3"]
[White "Lautier, Joel"]
[Black "Shirov, Alexei"]
[Result "1-0"]
[WhiteElo "2645"]
[BlackElo "2740"]
[Annotator "Lautier,J"]
[PlyCount "60"]
[EventDate "1994.09.??"]
[EventType "tourn"]
[EventRounds "11"]
[EventCountry "SUI"]
[EventCategory "16"]
[SourceTitle "CBM 043"]
[Source "ChessBase"]
[SourceDate "1994.12.01"]
[SourceVersion "1"]
[SourceVersionDate "1994.12.01"]
[SourceQuality "1"]

1. c4 Nf6 2. Nc3 g6 3. e4 d6 4. d4 Bg7 5. f3 O-O 6. Bg5 c5 7. d5 h6 8. Bf4 $1
a6 9. Qd2 Kh7 10. a4 e6 11. g4 $1 (11. dxe6 Bxe6 12. Bxd6 Re8 $44) 11... exd5
12. cxd5 Re8 $6 (12... Qe7 $14) 13. Be2 $1 (13. Nh3 $6 Nbd7 14. Bxd6 Ne5 15.
Bxe5 Rxe5 $44) (13. Nge2 $6 Nbd7 14. Bxd6 Ne5 $44) 13... h5 $6 (13... Nfd7 $6
14. Bxd6 Ne5 15. Bxc5 f5 16. gxf5 (16. h3 $6 {/\ f4} fxe4 17. Nxe4 Nbd7 18. Bd4
Nf6 $44) 16... gxf5 17. O-O-O $1 $16) (13... Qe7 14. Nh3 $14) 14. g5 Ng8 (14...
Nfd7 $2 15. Bxd6 $18) 15. h4 {/\ Nh3} f5 16. Nh3 $1 (16. gxf6 Qxf6 (16... Bxf6
$6 17. Bg5 Nd7 18. f4 $16 (18. Nh3 $5)) 17. Bg5 Qf7 18. Nh3 Bxh3 19. Rxh3 Nd7
$14) 16... Bxc3 (16... fxe4 17. Nxe4 Be5 18. Bxe5 Rxe5 19. Nhf2 Re8 (19... Bf5
20. O-O $16 {/\ Ng3, f4, Bd3}) 20. O-O $16) (16... Be5 17. Bxe5 Rxe5 18. Nf2
$16) 17. bxc3 fxe4 18. fxe4 Rxe4 (18... Bxh3 19. Rxh3 Rxe4 20. Kf2 (20. Rf3 Nd7
(20... Ne7 $2 21. Qd3 Rxe2+ 22. Kxe2 $18) 21. Bxd6 Ne5 22. Bxe5 Rxe5 23. Rf7+
Kh8 24. c4 $16) 20... Nd7 21. Bd3 Re8 22. Bxd6 Ne5 (22... Ndf6 $2 23. gxf6 Qxd6
24. Bxg6+ $1 $18) (22... Nb6 $2 23. Qf4 Qd7 24. Rf3 $18) 23. Bxe5 Rxe5 24. c4
$16) (18... Qe7 $5 19. Nf2 Nd7 20. O-O Ne5 {was a better chance to hold the
position.}) 19. Nf2 Re8 20. O-O Nd7 (20... b6 21. Bd3 Ra7 22. Ne4 $16) (20...
Bf5 21. Bd3 Bxd3 (21... Qd7 22. Rae1 Bxd3 23. Qxd3 Qxa4 24. Ne4 Nd7 25. Bxd6
$16) 22. Qxd3 Qe7 23. Qg3 Nd7 24. Bxd6 Qe2 (24... Qe3 $2 25. Qxe3 Rxe3 26. Nd1
$1 $18) (24... Qg7 25. Rae1 $16) 25. Nh3 Re3 26. Rf7+ Kh8 27. Qg2 $16 {/\ Nf4})
21. Bxd6 Ndf6 $5 (21... Nb6 $2 22. Qf4 $1 Rxe2 23. Qf7+ Kh8 24. Bxc5 {/\ Bd4}
Rd2 $8 25. Ne4 $1 Qxd5 (25... Rxd5 26. Qxg6 $18 {/\ Qh5, Rf7#}) 26. Qxg6 Be6 (
26... Bh3 27. Rf7 Rd1+ 28. Rxd1 Qxd1+ 29. Kh2 Qe2+ 30. Bf2 $18) 27. Bxb6 Qe5
28. Bd4 $18) 22. Bg3 $5 (22. gxf6 Qxd6 23. f7 Qg3+ 24. Kh1 Rxe2 (24... Re3 $2
25. Qxe3 Qxe3 26. f8=Q $18) (24... Bh3 $2 25. Qg5 $1 Qxg5 (25... Bg2+ 26. Kg1
$18) 26. hxg5 Rxe2 (26... Bxf1 27. fxe8=Q Rxe8 28. Bxf1 $18) 27. fxg8=Q+ Kxg8
28. Nxh3 $18) (24... Qxh4+ 25. Kg2 Rxe2 26. f8=N+ $1 Kg7 27. Qxe2 {-> 24...Re2}
) 25. f8=N+ $1 (25. fxg8=Q+ Kxg8 26. Qxe2 Qxh4+ 27. Nh3 (27. Kg2 Qg5+ 28. Kf3
Bh3 $1 29. Qe3 (29. Nxh3 $2 Rf8+ 30. Ke4 Re8+ 31. Kd3 (31. Kf3 Qg4+ 32. Kf2
Rxe2#) 31... Qxd5+ $19) (29. Qe4 $2 Bg2+ $19) 29... Rf8+ (29... Bg4+ $2 30.
Nxg4 Qxg4+ 31. Kf2 Rf8+ 32. Ke1 $18) 30. Ke2 Bxf1+ 31. Rxf1 Qxd5 $15) 27...
Bxh3 28. Qf2 Qe4+ 29. Qf3 Bf5 $13) (25. Qxe2 Qxh4+ 26. Kg2 (26. Nh3 Bxh3 $13)
26... Qg5+ 27. Kh2 (27. Kf3 $6 Qxd5+ 28. Qe4 Qxf7+ $15) 27... Qf4+ $1 $10)
25... Kg7 26. Qxe2 Qxh4+ 27. Nh3 $1 Qxh3+ (27... Bxh3 28. Qe5+ Kh6 (28... Nf6
29. Qe7+ Kg8 (29... Kh6 30. Qxf6 $18) 30. Qxf6 Qe4+ 31. Qf3 Bf5 32. Nxg6 (32.
Ne6 $2 Qxf3+ 33. Rxf3 Be4 34. Ng5 Bxd5 $14) 32... Bxg6 (32... Qxf3+ 33. Rxf3
Be4 34. Kg2 $18) 33. Rae1 Qh4+ 34. Kg2 Qg5+ 35. Kh2 $18) 29. Qf4+ $1 (29. Qh8+
Kg5 30. Nh7+ $2 Kg4 31. Rg1+ Kf4 $19 (31... Bg2+ 32. Kxg2 $18) (31... Kf3 32.
Ng5+)) 29... Qxf4 30. Rxf4 $16) 28. Qh2 Nf6 (28... Qxc3 $2 29. Qc7+ $18) 29.
Qxh3 (29. Rae1 $2 Nxd5) 29... Bxh3 30. Ne6+ Bxe6 31. dxe6 Re8 32. Rae1 $16)
22... Qxd5 (22... Nxd5 $2 23. Rad1 Be6 24. Bc4 Nge7 25. Ne4 $18) 23. Bd3 $1 (
23. Rad1 Qxd2 24. Rxd2 Nd7 $14) 23... c4 (23... Ng4 $2 24. Bxg6+ $18) (23...
Qf3 $6 24. Nh1 $1 Qe3+ (24... Ne4 25. Rxf3 Nxd2 26. Rf7+ Kh8 27. Bxg6 Re7 28.
Be5+ $18) 25. Qxe3 Rxe3 26. gxf6 Rxd3 27. f7 $16) 24. gxf6 cxd3 25. f7 Qxf7 26.
Ne4 Qd5 $8 (26... Qc4 $2 27. Ng5+ Kh8 (27... Kg7 28. Qxd3 $1 $18) 28. Rf7 Re7
29. Be5+ $18) 27. Ng5+ Kg7 (27... Kh8 $2 28. Rf7 Re7 29. Rxe7 $1 (29. Qxd3 $2
Qxd3 30. Be5+ Nf6 31. Bxf6+ Kg8) 29... Nxe7 30. Qe3 $1 d2 31. Rd1 $18 {->}) 28.
Qxd3 $2 (28. Rf7+ Qxf7 29. Nxf7 Kxf7 30. Qxd3 Nf6 (30... Bf5 $2 31. Qd5+ $18)
31. Rb1 Re7 32. Rb6 $16) 28... Be6 $2 (28... Qxd3 $4 29. Rf7+ $18) (28... Nf6
$1 {Shirov} 29. Qxd5 Nxd5 30. Rf7+ Kg8 31. Rd1 Re3 $1 (31... Ne3 $2 32. Be5 $1
Nf5 33. Rh7 $18) (31... Be6 $2 32. Rxb7 (32. Nxe6 Rxe6 33. Rxb7 Nxc3 34. Rdd7
Ne2+ 35. Kg2 Nxg3 $10) 32... Bc8 (32... Nf6 $2 33. Rd6 $18) (32... Ne3 $2 33.
Be5 $18) (32... Nxc3 $2 33. Be5 Ne2+ (33... Nxd1 34. Rg7+ Kh8 (34... Kf8 35.
Nh7#) 35. Rh7+ Kg8 36. Rh8#) 34. Kf2 $18) 33. Rh7 Nf6 34. Rd6 $1 Nxh7 (34...
Rf8 $2 35. Be5 $18) 35. Rxg6+ Kf8 (35... Kh8 $2 36. Nf7#) 36. Bd6+ Re7 37.
Nxh7+ (37. Bxe7+ Kxe7 38. Rg7+ Kf6 39. Rxh7 Bg4 $14) 37... Kf7 38. Rf6+ Ke8 (
38... Kg7 39. Bxe7 Kxh7 40. Rd6 $16) 39. Rf8+ (39. Bxe7 Kxe7 40. Rb6 Bd7 41. a5
Rc8 42. Nf6 $16) 39... Kd7 40. Bxe7 Kxe7 41. a5 Bb7 42. Rxa8 Bxa8 43. Kf2 $16)
32. Kf2 Be6 $1 33. Nxe6 (33. Rxb7 $6 Rf8+ 34. Kg2 Bc8 $1 35. Ra7 Re2+ 36. Kg1
Nxc3 $15) 33... Rxe6 34. Rxb7 Nxc3 35. Rdd7 $10) 29. Nxe6+ Qxe6 30. Qd4+ Kh6 $2
(30... Kh7 31. Rae1 $18) (30... Nf6 31. Rae1 Qf7 32. Be5 Rxe5 (32... Re6 $2 33.
Bxf6+ Rxf6 34. Rxf6 Qxf6 35. Re7+ $18) 33. Rxe5 Rf8 34. Qd6 $1 Qc4 35. Re7+ Kg8
36. Rxf6 Qg4+ 37. Kf1 $18) (30... Kh6 $2 31. Qh8#) 1-0